Online katalóg knižníc regiónu Turca

Osudné křižovatky (Record no. 20895)

MARC details
000 -LEADER
fixed length control field 00839nam a2200301 a 4500
001 - CONTROL NUMBER
control field 20895
003 - CONTROL NUMBER IDENTIFIER
control field VRT
005 - DATE AND TIME OF LATEST TRANSACTION
control field 20260206142651.0
008 - FIXED-LENGTH DATA ELEMENTS--GENERAL INFORMATION
fixed length control field 950616s1990 xr g 000 1 cze c
020 ## - INTERNATIONAL STANDARD BOOK NUMBER
International Standard Book Number 802060037X
Terms of availability 17.00
035 ## - SYSTEM CONTROL NUMBER
System control number UKB000057787
039 #9 - LEVEL OF BIBLIOGRAPHIC CONTROL AND CODING DETAIL [OBSOLETE]
Level of rules in bibliographic description 201207120815
Level of effort used to assign nonsubject heading access points gluc
040 ## - CATALOGING SOURCE
Original cataloging agency BAA001
Language of cataloging slo
Transcribing agency BAA001
Description conventions AACR2
041 1# - LANGUAGE CODE
Language code of text/sound track or separate title cze
Language code of original pol
044 ## - COUNTRY OF PUBLISHING/PRODUCING ENTITY CODE
MARC country code xr
ISO country code CZ
080 ## - UNIVERSAL DECIMAL CLASSIFICATION NUMBER
Universal Decimal Classification number 884-311.6 JANICKI,J.03
100 1# - MAIN ENTRY--PERSONAL NAME
Personal name Janicki, Jerzy,
Dates associated with a name 1928-2007
245 10 - TITLE STATEMENT
Title Osudné křižovatky
Statement of responsibility, etc. Jerzy Janicki ; z pol. orig. přel. Josef Vlásek
260 ## - PUBLICATION, DISTRIBUTION, ETC.
Place of publication, distribution, etc. Praha
Name of publisher, distributor, etc. Naše vojsko
Date of publication, distribution, etc. 1990
300 ## - PHYSICAL DESCRIPTION
Extent 222 s.
490 1# - SERIES STATEMENT
Series statement Eso
Volume/sequential designation sv. 105
653 ## - INDEX TERM--UNCONTROLLED
Uncontrolled term 884-311.6 JANICKI,J.03
830 #0 - SERIES ADDED ENTRY--UNIFORM TITLE
Uniform title Eso
Volume/sequential designation sv. 105
910 ## - USER-OPTION DATA (OCLC)
User-option data ukb
942 ## - ADDED ENTRY ELEMENTS (KOHA)
Source of classification or shelving scheme Dewey Decimal Classification
Koha item type Krásna literatúra pre dospelých
Suppress in OPAC No
949 ## - LOCAL PROCESSING INFORMATION (OCLC)
6 57787-10
a 30.D.33192
b PV.4633-90
949 ## - LOCAL PROCESSING INFORMATION (OCLC)
6 57787-20
a BO.D.09511
b PV.4634-90
Holdings
Stav vyradenia Strata Poškodenie Spôsob nadobudnutia Domovská knižnica Aktuálna knižnica Dátum nadobudnutia Total checkouts Čiarový kód exemplára Date last seen Typ exemplára
      Dar Obecná knižnica Horná Štubňa Obecná knižnica Horná Štubňa 06.02.2026   4736201047 06.02.2026 Krásna literatúra pre dospelých
Projekt je podporený Slovenskou asociáciou knižníc
Prevádzkuje Turčianska knižnica Martin 2026